000 00517nam a2200193Ia 4500
005 20250508150403.0
008 008 250505s9999 xx 000 0 eng d
037 _aTextual
040 _aFEDL
_beng
_cFEDL
041 _aeng
_2eng
084 _a915, STA
_qFEDL
100 _aStamp L Dudley
245 0 _aAsia: A regional and economic geography
250 _a7
260 _aLondon, UK
_bMethuen and Co. Ltd.
_c1948
300 _axxi,704p.
942 _cTEXL
_h915, STA
999 _c1323354
_d1323354